00385ntaaa2200157 45000030003000000050017000030080021000200400037000410820017000782450020000952500010001152600044001253000010001695000025001797000023002040120251027202105.00714s1973 ag 01  aAR-BaBNbspacAR-BaBNeaacrdRIC a252.0000 Sp3 aLaymen speaking a1 ed. aNew York : bAssociation Press, cc1947 a207 p aMensajes de laícos aSpeers, Wallace C